Formula One (F1) winning drivers with no poles - Statistics

General Stats
  • This quiz has been taken 119 times
  • The average score is 14 of 30
Answer Stats
Number of wins GPs Nationality Answer % Correct
1 Italy 2020 France Pierre Gasly
93%
1 Hungary 2021 France Esteban Ocon
92%
4 US 1959; Argentine 1960; Monaco 1962; Belgium 1968 New Zealand Bruce McLaren
78%
1 Monaco 1996 France Olivier Panis
72%
2 South Africa 1967; Belgium 1970 Mexico Pedro Rodriguez De La Vega
70%
4 Australia, Austria, Germany, Malaysia 1999 United Kingdom Eddie Irvine
64%
3 GB, Italy 1995; Europe 1999 United Kingdom Johnny Herbert
58%
2 Netherlands, GB 1961 Germany Wolfgang von Trips
58%
2 Monaco 1955, 1958 France Maurice Trintignant
54%
1 Spain 1975 Germany Jochen Mass
52%
3 Belgium, France 1956; GB 1958 United Kingdom Peter Collins
48%
1 France 1951 Italy Luigi Fagioli
46%
1 US 1971 France Francois Cevert
45%
1 Belgium 1977 Sweden Gunnar Nilsson
45%
1 Argentine 1956 Italy Luigi Musso
45%
1 Italy 1966 Italy Ludovico Scarfiotti
41%
1 Mexico 1965 United States Richie Ginther
41%
1 France 1961 Italy Giancarlo Baghetti
39%
1 Monaco 1972 France Jean-Pierre Beltoise
36%
1 Italy 1971 United Kingdom Peter Gethin
36%
1 Switzerland 1952 Italy Piero Taruffi
36%
1 US 1961 United Kingdom Innes Ireland
34%
1 Indianapolis 1950 United States Johnnie Parsons
34%
1 Indianapolis 1960 United States Jim Rathmann
33%
1 Indianapolis 1952 United States Troy Ruttman
30%
1 Indianapolis 1955 United States Bob Sweikert
29%
1 Indianapolis 1957 United States Sam Hanks
29%
1 Indianapolis 1959 United States Rodger Ward
28%
1 Indianapolis 1958 United States Jimmy Bryan
27%
1 Indianapolis 1951 United States Lee Wallard
25%
No matching quizzes found
Score Distribution
Percent of People with Each Score
Percentile by Number Answered
Your Score History
You have not taken this quiz